00463 2200181 4500001002100000005001500021035002000036007000300056008004100059020002200100082001100122084002100133100001500154245004300169260003500212300001800247990001600265INLIS00000000000067820210614094535 a0010-0621000143ta210614 g 0 ind  a978-979-571-394-4 a530.03 a530.03 SAL e c.10 aAgus Salam1 aEnsiklopedia Fisika Listrik dan Magnet aJakarta :bGaneca Exact,c2007 a44 ;c29.5 cm a2007/p/0006